|
|
|
|
| LEADER |
01718nam a2200433 a 4500 |
| 001 |
000307148 |
| 003 |
CZ BrMZK |
| 005 |
20210308152213.0 |
| 007 |
ta |
| 008 |
010907s1998 xr e 0 cze d |
| 015 |
|
|
|a cnb000312574
|
| 020 |
|
|
|a 80-902198-9-6
|
| 035 |
|
|
|a (OCoLC)39601524
|
| 040 |
|
|
|a BOA001
|b cze
|
| 043 |
|
|
|a x------
|
| 045 |
|
|
|a x9x9
|
| 072 |
|
7 |
|a 070
|x Noviny. Tisk. Žurnalistika
|2 Konspekt
|9 12
|
| 080 |
|
|
|a 070.431.5
|2 MRF
|
| 080 |
|
|
|a (100)
|2 MRF
|
| 080 |
|
|
|a (0:82-4)
|2 MRF
|
| 080 |
|
|
|a (0:82-4)
|2 MRF
|
| 080 |
|
|
|a (047.53)
|2 MRF
|
| 100 |
1 |
|
|a Pokorný, Milan,
|d 1961-
|7 mzk2006322874
|4 com
|4 edt
|
| 245 |
1 |
0 |
|a Zápisník zahraničních zpravodajů :
|b reportážní črty a fejetony z let 1996 a 1997 /
|c [vybral a k vydání připravil Milan Pokorný ; předmluva Věra Šťovíčková-Heroldová ; medailony autorů Milan Fridrich]
|
| 250 |
|
|
|a 1. vyd.
|
| 260 |
|
|
|a Praha :
|b Radioservis,
|c 1998
|
| 300 |
|
|
|a 254 s., [8] s. obrazových příloh (většina barev.) ;
|c 21 cm
|
| 648 |
|
7 |
|a 20. století
|7 ch460558
|
| 648 |
|
4 |
|a 1996-1997
|
| 650 |
0 |
7 |
|a zahraniční zpravodajství
|7 ph420396
|z země světa
|y 20. století
|2 czenas
|
| 655 |
|
7 |
|a reportáže
|7 fd133252
|2 czenas
|
| 655 |
|
7 |
|a fejetony
|7 fd132252
|2 czenas
|
| 655 |
|
7 |
|a rozhovory
|7 fd133303
|2 czenas
|
| 700 |
1 |
|
|a Fridrich, Milan,
|d 1970-
|7 mzk2006363466
|4 oth
|
| 700 |
1 |
|
|a Heroldová-Šťovíčková, Věra,
|d 1930-2015
|7 jk01131515
|4 wfw
|
| 856 |
4 |
1 |
|u http://www.digitalniknihovna.cz/mzk/uuid/uuid:78b0baa0-d279-11e2-8c80-005056827e52
|y Digitalizovaný dokument
|x NDK
|
| 910 |
|
|
|a BOA001
|b 2-1044.631
|
| 990 |
|
|
|a BK
|
| 996 |
6 |
|
|b 2610070125
|c 2-1044.631
|l MZK
|r Sklad / do 1 hodiny
|n 16
|p p.v.
|w 000307148
|u 000010
|a 1
|e BOA001
|j MZK50
|s P
|